Hands-On Machine Learning with Scikit-Learn, Keras, and TensorFlow (Record no. 10481)

MARC details
000 -LEADER
fixed length control field 00420nam a22001697a 4500
003 - CONTROL NUMBER IDENTIFIER
control field OSt
008 - FIXED-LENGTH DATA ELEMENTS--GENERAL INFORMATION
fixed length control field 210223b ||||| |||| 00| 0 eng d
020 ## - INTERNATIONAL STANDARD BOOK NUMBER
International Standard Book Number 9789352139057
082 ## - DEWEY DECIMAL CLASSIFICATION NUMBER
Classification number 006.31 GEH
100 ## - MAIN ENTRY--PERSONAL NAME
Personal name GERON,Aurelien
245 ## - TITLE STATEMENT
Title Hands-On Machine Learning with Scikit-Learn, Keras, and TensorFlow
250 ## - EDITION STATEMENT
Edition statement 2nd
260 ## - PUBLICATION, DISTRIBUTION, ETC. (IMPRINT)
Place of publication, distribution, etc New Delhi
Name of publisher, distributor, etc SPD
Date of publication, distribution, etc 2020
300 ## - PHYSICAL DESCRIPTION
Extent 819
650 ## - SUBJECT ADDED ENTRY--TOPICAL TERM
Topical term or geographic name as entry element CSEAIML
942 ## - ADDED ENTRY ELEMENTS (KOHA)
Source of classification or shelving scheme Dewey Decimal Classification
Koha item type Text Books
Holdings
Withdrawn status Lost status Source of classification or shelving scheme Damaged status Not for loan Collection code Home library Current library Date acquired Source of acquisition Currency Cost, normal purchase price Bill Number Total Checkouts Full call number Acc. no. / Barcode Date last seen Date last borrowed Actual Cost, discounted price Bill Date Koha item type
    Dewey Decimal Classification     Computer Science and Engineering in AI & Machine Learning PIET C-LIBRARY PIET C-LIBRARY 10/02/2021 Kirti Praskshan IN Rupees 2275.00 IN1555 2 006.31 GEH 32560 18/04/2022 14/04/2022 1706.25 10/02/2021 Text Books

Design & Developed by: PIET Central Library
R70 Miles Stone Pattikalyana Samalkha Panipat 132102
mail ID :- [email protected], Phone No:- 0180-2569700 Ex.216